Most Popular Tourist Destinations for Australians - Statistics

General Stats
  • This quiz has been taken 48 times
  • The average score is 14 of 15
Answer Stats
Hint Answer % Correct
498 China
98%
1223 Indonesia
98%
460 Japan
98%
1285 New Zealand
98%
464 Thailand
98%
610 United Kingdom
98%
925 United States Of America
98%
333 India
93%
241 Malaysia
93%
276 Vietnam
93%
172 Canada
90%
268 Fiji
90%
353 Singapore
85%
238 Italy
78%
225 Philippines
59%
No matching quizzes found
Score Distribution
Percent of People with Each Score
Percentile by Number Answered
Your Score History
You have not taken this quiz